000 00546nam a2200181Ia 4500
008 090124s9999 xx 000 0 und d
082 _b18759
100 _aमिरासदार द.मा.
245 _a गुदगुल्या
250 _a0
260 _bसुपर्ण प्रकाशन
_c1977
300 _a130
600 _aमिरासदार द.मा.
630 _a गुदगुल्या
700 _aमिरासदार द.मा.
730 _a गुदगुल्या
942 _cBOOK
999 _c89728
_d89728